000 00806nam a2200253Ia 4500
003 OSt
005 20220930195256.0
006 a|||||r|||| 00| 0
007 ta
008 220926b |||||||| |||| 00| 0 pan d
024 _a14755
037 _cDissertations
040 _aCRL
_cCRL
_bpan
041 _2pan
_apan
100 _aRanjodh Singh
_9564017
110 _aUniversity of Delhi. Faculty of Arts. Department of Punjabi
_9519628
245 0 _aSate Balwand di var' te 'bhattan de sawaiye' da alochnatmak adhyayan
260 _c1991
650 _aPUNJABI LITERATURE
700 _a Dr S S Noor Supervisor
_9564018
700 _aUniversity of Delhi. Faculty of Arts. Department of Punjabi
_9519631
942 _cDIS
_2CC
999 _c898861
_d898861